Online katalóg knižníc regiónu Turca

Antipoučení (Record no. 21926)

MARC details
000 -LEADER
fixed length control field 01551cam a2200433 a 4500
001 - CONTROL NUMBER
control field 21926
003 - CONTROL NUMBER IDENTIFIER
control field VRT
005 - DATE AND TIME OF LATEST TRANSACTION
control field 20260314133410.0
008 - FIXED-LENGTH DATA ELEMENTS--GENERAL INFORMATION
fixed length control field 210928s1990 xo 000 m cze
020 ## - INTERNATIONAL STANDARD BOOK NUMBER
International Standard Book Number 8020602119
Qualifying information (viaz.)
039 #9 - LEVEL OF BIBLIOGRAPHIC CONTROL AND CODING DETAIL [OBSOLETE]
Level of rules in bibliographic description 202305291415
Level of effort used to assign nonsubject heading access points AUTHORITY
Level of effort used to assign subject headings 202305291351
Level of effort used to assign classification AUTHORITY
Level of effort used to assign subject headings 202305120803
Level of effort used to assign classification AUTHORITY
Level of effort used to assign subject headings 202305111015
Level of effort used to assign classification AUTHORITY
040 ## - CATALOGING SOURCE
Original cataloging agency SNK
Language of cataloging slo
Transcribing agency SNK
Description conventions AACR2
041 0# - LANGUAGE CODE
Language code of text/sound track or separate title cze
044 ## - COUNTRY OF PUBLISHING/PRODUCING ENTITY CODE
MARC country code xr
ISO country code CZ
080 ## - UNIVERSAL DECIMAL CLASSIFICATION NUMBER
Universal Decimal Classification number 323.2(437)"1967/1968"
Edition identifier 1981
100 1# - MAIN ENTRY--PERSONAL NAME
Personal name Moravec, Jan,
Dates associated with a name 1924-
Relationship aut
245 10 - TITLE STATEMENT
Title Antipoučení
Statement of responsibility, etc. Jan Moravec
250 ## - EDITION STATEMENT
Edition statement 1. vyd.
260 ## - PUBLICATION, DISTRIBUTION, ETC.
Place of publication, distribution, etc. Praha
Name of publisher, distributor, etc. Naše vojsko
Date of publication, distribution, etc. 1990
300 ## - PHYSICAL DESCRIPTION
Extent 441 s.
Other physical details ilustr., tab.
Dimensions 21 cm
366 ## - TRADE AVAILABILITY INFORMATION
Note 58000 ýtl.
610 #7 - SUBJECT ADDED ENTRY--CORPORATE NAME
Corporate name or jurisdiction name as entry element Komunistická strana Československa
Source of heading or term SNKKA
648 #7 - SUBJECT ADDED ENTRY--CHRONOLOGICAL TERM
Chronological term 1967-1968
Source of heading or term SNKPH
650 07 - SUBJECT ADDED ENTRY--TOPICAL TERM
Topical term or geographic name entry element vnútorná politika
Source of heading or term SNKPH
651 #7 - SUBJECT ADDED ENTRY--GEOGRAPHIC NAME
Geographic name Československo
Source of heading or term SNKPHgeo
655 #7 - INDEX TERM--GENRE/FORM
Genre/form data or focus term české romány
Source of term SNKPH
655 #7 - INDEX TERM--GENRE/FORM
Genre/form data or focus term politické romány
Source of term SNKPH
910 ## - USER-OPTION DATA (OCLC)
User-option data snk
942 ## - ADDED ENTRY ELEMENTS (KOHA)
Source of classification or shelving scheme Dewey Decimal Classification
Koha item type Odborná literatúra pre dospelých
Suppress in OPAC No
949 ## - LOCAL PROCESSING INFORMATION (OCLC)
6 3830001152599
a kurukKBD-1662
b kuruk2024/F337
o Dar z Katolíckeho biblického diela
949 ## - LOCAL PROCESSING INFORMATION (OCLC)
6 3823005926
a kuruktspDD 1078
b kuruktsp1995/005926
949 ## - LOCAL PROCESSING INFORMATION (OCLC)
6 273K0245912
a svkpoA 150688c
b svkpo373540
949 ## - LOCAL PROCESSING INFORMATION (OCLC)
6 270001000123298
a svkbbA 74667
b svkbbm 554191
p 554.191
949 ## - LOCAL PROCESSING INFORMATION (OCLC)
6 17A0897039
a snkSC 78556
949 ## - LOCAL PROCESSING INFORMATION (OCLC)
6 17A0164223
9 P60, <04>, [BOOK], {604}
a snkSC 78556 D1
949 ## - LOCAL PROCESSING INFORMATION (OCLC)
6 273K0245913
a svkpoA 150688
b svkpo370801
949 ## - LOCAL PROCESSING INFORMATION (OCLC)
6 273K0245914
a svkpoA 150688a
b svkpo370802
949 ## - LOCAL PROCESSING INFORMATION (OCLC)
6 273K0245911
a svkpoA 150688b
b svkpo370803
Holdings
Stav vyradenia Strata Poškodenie Spôsob nadobudnutia Domovská knižnica Aktuálna knižnica Dátum nadobudnutia Total checkouts Čiarový kód exemplára Date last seen Typ exemplára
      Dar Obecná knižnica Horná Štubňa Obecná knižnica Horná Štubňa 14.03.2026   4736201866 14.03.2026 Odborná literatúra pre dospelých
Projekt je podporený Slovenskou asociáciou knižníc
Prevádzkuje Turčianska knižnica Martin 2026